Strategies and tactics for management of fertilized hatchery ponds
Saved in:
| Main Authors: | , |
|---|---|
| Format: | Bog |
| Sprog: | engelsk |
| Udgivet: |
Nueva York
Food Products
1993
|
| Fag: | |
| Tags: |
Tilføj Tag
Ingen Tags, Vær først til at tagge denne postø!
|
MARC
| LEADER | 00000nam a2200000 a 4500 | ||
|---|---|---|---|
| 001 | UCM6764 | ||
| 003 | CL-VaPUC | ||
| 008 | 021122e19930000US |||||||||||||||||eng|d | ||
| 082 | 0 | 4 | |a 639.3 |b AND |2 21 |
| 100 | 0 | |a Anderson, Richard O |e author |9 472611 | |
| 700 | 0 | |a Tave, Douglas |e author |9 472612 | |
| 245 | 1 | 0 | |a Strategies and tactics for management of fertilized hatchery ponds |
| 300 | |a 262 p | ||
| 942 | |c BK | ||
| 945 | |d 20021122 00:00:00 |a cmena | ||
| 260 | |a Nueva York |b Food Products |c 1993 | ||
| 650 | 7 | |a PISCICULTURA |2 CL-VaPUC |9 259974 | |
| 650 | 0 | |a Gestión de la producción |9 259467 | |
| 583 | |a last modification |c 20021122 00:00:00 |k Rodrigo Vera | ||
| 999 | |c 301989 |d 301987 | ||
| 952 | |0 0 |1 0 |4 0 |6 639_300000000000000_AND_1993 |7 0 |8 CCM |9 361959 |a BIBCUR |b BIBCUR |d 2019-11-21 |i 3862224 |o 639.3 AND 1993 |p 3862224 |r 2025-04-22 |w 2019-11-21 |y BK |k CIM | ||